[Event "Lublin Gerlecka Memorial 4th"]
[Site "Lublin"]
[Date "2014.08.02"]
[Round "7"]
[White "Chwalewski, Marek"]
[Black "Bien, Janusz"]
[Result "0-1"]
[WhiteElo "1930"]
[BlackElo "1961"]
[PlyCount "84"]
[EventDate "2014.07.28"]
[EventType "tourn"]
[EventRounds "9"]
[EventCountry "POL"]
[SourceTitle "CBM 161 Extra"]
[Source "ChessBase"]
[SourceDate "2014.08.29"]
[SourceVersion "1"]
[SourceVersionDate "2014.08.29"]
[SourceQuality "1"]

1. c4 d6 2. d4 e5 3. g3 exd4 4. Qxd4 Bd7 5. Bg2 Bc6 6. Nf3 Qf6 7. Qe3+ Qe6 8. Qd3 Be7 9. Nc3 Nf6 10. 0-0 0-0 11. Ng5 Qd7 12. Nd5 Bxd5 13. cxd5 h6 14. Bh3 Qa4 15. b3 Qa6 16. Nxf7 Qxd3 17. Nxh6+ gxh6 18. exd3 Kg7 19. Bb2 Na6 20. Rfe1 Bd8 21. Bf5 Nb4 22. Re4 Nbxd5 23. Rae1 Kf7 24. Be6+ Kg6 25. Rh4 c6 26. Bc1 h5 27. f4 Ba5 28. f5+ Kg7 29. Rf1 Rh8 30. Bb2 Bc3 31. Bc1 Rae8 32. Rc4 Ba5 33. Bb2 Ne3 34. g4 Nxc4 35. bxc4 Bb6+ 36. Kg2 hxg4 37. Rf4 Rh4 38. Bc3 Reh8 39. Kf1 Be3 40. Bxf6+ Kxf6 41. Re4 Bb6 42. d4 g3 0-1

[Event "Lublin Chmielewski Memorial"]
[Site "Lublin"]
[Date "2013.12.30"]
[Round "7"]
[White "Wojciechowski, Adam"]
[Black "Chwalewski, Marek"]
[Result "0-1"]
[WhiteElo "1869"]
[BlackElo "1928"]
[PlyCount "100"]
[EventDate "2013.12.27"]
[EventType "swiss"]
[EventRounds "7"]
[EventCountry "POL"]
[SourceTitle "CBM 158 Extra"]
[Source "ChessBase"]
[SourceDate "2014.02.28"]
[SourceVersion "1"]
[SourceVersionDate "2014.02.28"]
[SourceQuality "1"]

1. e4 e6 2. b3 Nf6 3. Nc3 Bb4 4. e5 Bxc3 5. dxc3 Nd5 6. Qg4 g6 7. c4 Ne7 8. Nf3 h5 9. Qe4 d5 10. exd6 Qxd6 11. Bb2 Rg8 12. Bd3 Bd7 13. 0-0-0 Nf5 14. Qe2 Qf4+ 15. Kb1 Bc6 16. Be5 Bxf3 17. Bxf4 Bxe2 18. Bxe2 Na6 19. c3 Ke7 20. Kc2 Rad8 21. b4 c5 22. b5 Nb8 23. Bf3 b6 24. Rxd8 Rxd8 25. Rd1 Rxd1 26. Bxd1 Nd7 27. Bf3 e5 28. Bd2 Nf8 29. h4 Ne6 30. g3 Nd6 31. Be2 f5 32. a4 e4 33. Kb3 Kf6 34. Bf1 Ke5 35. Kc2 f4 36. Bh3 fxg3 37. fxg3 Nxc4 38. Bh6 Nd6 39. Bxe6 Kxe6 40. Bf4 c4 41. Kd2 Kd5 42. Ke2 Nb7 43. Bb8 Nc5 44. Bxa7 Nxa4 45. Ke3 Nxc3 46. Bxb6 Nxb5 47. Bd8 c3 48. Bf6 c2 49. Kd2 Nd4 50. Bd8 e3+ 0-1

[Event "Lublin Chmielewski Memorial"]
[Site "Lublin"]
[Date "2013.12.29"]
[Round "4"]
[White "Chwalewski, Marek"]
[Black "Konera, Maciej"]
[Result "1-0"]
[WhiteElo "1928"]
[BlackElo "1626"]
[PlyCount "51"]
[EventDate "2013.12.27"]
[EventType "swiss"]
[EventRounds "7"]
[EventCountry "POL"]
[SourceTitle "CBM 158 Extra"]
[Source "ChessBase"]
[SourceDate "2014.02.28"]
[SourceVersion "1"]
[SourceVersionDate "2014.02.28"]
[SourceQuality "1"]

1. c4 e5 2. g3 Nc6 3. Bg2 f5 4. Nc3 Nf6 5. d3 Bc5 6. Na4 Bb4+ 7. Bd2 Qe7 8. Nc3 0-0 9. Nh3 Nd8 10. a3 Bxc3 11. Bxc3 c6 12. 0-0 Nf7 13. Qd2 Rd8 14. e4 d5 15. cxd5 fxe4 16. Ng5 cxd5 17. Nxf7 Kxf7 18. Bb4 Qe8 19. f4 Bd7 20. dxe4 exf4 21. Rxf4 dxe4 22. Qd5+ Kg6 23. Bxe4+ Nxe4 24. Rxe4 Bc6 25. Rg4+ Kf6 26. Rf1# 1-0

[Event "Lublin Chmielewski Memorial"]
[Site "Lublin"]
[Date "2013.12.27"]
[Round "1"]
[White "Modrzejewski, Tymoteusz"]
[Black "Chwalewski, Marek"]
[Result "0-1"]
[WhiteElo "1456"]
[BlackElo "1928"]
[PlyCount "50"]
[EventDate "2013.12.27"]
[EventType "swiss"]
[EventRounds "7"]
[EventCountry "POL"]
[SourceTitle "CBM 158 Extra"]
[Source "ChessBase"]
[SourceDate "2014.02.28"]
[SourceVersion "1"]
[SourceVersionDate "2014.02.28"]
[SourceQuality "1"]

1. e4 c6 2. d4 g6 3. Nf3 d5 4. e5 Bg4 5. c4 Bxf3 6. Qxf3 e6 7. Be3 h5 8. Be2 Nh6 9. Qf6 Qxf6 10. exf6 Nd7 11. Nc3 Nxf6 12. f3 Nf5 13. Bf2 0-0-0 14. Rc1 Bh6 15. Rc2 Ne3 16. Bxe3 Bxe3 17. cxd5 exd5 18. Nb5 Kb8 19. Rc3 Rhe8 20. Na3 Bxd4 21. Rb3 Rd7 22. Nc2 Bb6 23. Kd2 Ba5+ 24. Kd1 Rde7 25. Nd4 Bb6 0-1

[Event "Lublin Zukertort Memorial 5th"]
[Site "Lublin"]
[Date "2013.06.??"]
[Round "8"]
[White "Flisiak, Piotr"]
[Black "Chwalewski, Marek"]
[Result "1-0"]
[WhiteElo "1704"]
[BlackElo "1950"]
[PlyCount "51"]
[EventDate "2013.06.24"]
[EventType "swiss"]
[EventRounds "9"]
[EventCountry "POL"]
[SourceTitle "EXT 2014"]
[Source "ChessBase"]
[SourceDate "2013.11.20"]
[SourceVersion "1"]
[SourceVersionDate "2013.11.20"]
[SourceQuality "1"]

1. c4 g6 2. Nf3 c6 3. Nc3 Bg7 4. e4 e5 5. d4 exd4 6. Nxd4 Ne7 7. Be2 d5 8. exd5 cxd5 9. cxd5 Nxd5 10. Bb5+ Kf8 11. 0-0 Nxc3 12. bxc3 Kg8 13. Re1 Bd7 14. Bc4 Nc6 15. Qf3 Qf6 16. Qd5 Nxd4 17. Qxd7 Nc6 18. Bg5 Qf5 19. Re8+ Bf8 20. Qxf5 gxf5 21. Rxa8 Kg7 22. Re1 Bd6 23. Rxh8 Kxh8 24. Bf6+ Kg8 25. Re8+ Bf8 26. Bd5 1-0

[Event "Lublin Chmielewski Memorial"]
[Site "Lublin"]
[Date "2012.??.??"]
[Round "3"]
[White "Chwalewski, Marek"]
[Black "Fiala, Lukasz"]
[Result "1-0"]
[WhiteElo "1939"]
[BlackElo "1609"]
[PlyCount "59"]
[EventDate "2012.12.27"]
[EventType "swiss"]
[EventRounds "7"]
[EventCountry "POL"]
[SourceTitle "CBM 152 Extra"]
[Source "ChessBase"]
[SourceDate "2013.02.25"]
[SourceVersion "1"]
[SourceVersionDate "2013.02.25"]
[SourceQuality "1"]

1. Nf3 f5 2. e4 fxe4 3. Ng5 Nf6 4. d3 e5 5. dxe4 Be7 6. Bc4 d5 7. exd5 Qd6 8. Nc3 0-0 9. Ne6 Bxe6 10. dxe6 Qc5 11. Qe2 Nc6 12. Be3 Nd4 13. Bxd4 exd4 14. Nd1 Ne4 15. Bd3 Qa5+ 16. Kf1 Nc5 17. f3 Rf6 18. Nf2 Nxd3 19. Qxd3 Rd8 20. h4 Qb6 21. Re1 Qxb2 22. Ne4 Rxe6 23. Qc4 Kf8 24. Qxe6 Qb5+ 25. Kg1 d3 26. Qxe7+ Kxe7 27. Nc3+ Qe5 28. Rxe5+ Kf6 29. Re1 dxc2 30. Kh2 1-0

[Event "Lublin op"]
[Site "Lublin"]
[Date "2009.06.14"]
[Round "9"]
[White "Greszeta, Robert"]
[Black "Chwalewski, Marek"]
[Result "1/2-1/2"]
[WhiteElo "1646"]
[BlackElo "1983"]
[PlyCount "66"]
[EventDate "2009.06.08"]
[EventType "swiss"]
[EventRounds "9"]
[EventCountry "POL"]
[SourceTitle "CBM 130 Extra"]
[Source "ChessBase"]
[SourceDate "2009.07.02"]
[SourceVersion "2"]
[SourceVersionDate "2009.07.15"]
[SourceQuality "1"]

1. d4 c6 2. c4 g6 3. Nf3 Bg7 4. e4 Nf6 5. Nc3 0-0 6. Bd3 d6 7. 0-0 Bg4 8. Be3 Nbd7 9. h3 Bxf3 10. Qxf3 e5 11. d5 c5 12. Qd1 Nh5 13. Be2 Nf4 14. Bg4 f5 15. exf5 gxf5 16. Be2 Qg5 17. Bxf4 Qxf4 18. Nb5 Qh6 19. Nc7 Rac8 20. Ne6 Rf7 21. Rb1 e4 22. b4 Nf8 23. Nxg7 Rxg7 24. Kh1 Nd7 25. Rg1 Ne5 26. Rb3 cxb4 27. Rxb4 b6 28. Qd4 Rf8 29. Rb3 Qh4 30. f3 Qh5 31. Qf2 Qh6 32. f4 Ng6 33. Rf1 Ne7 1/2-1/2

[Event "Lublin op"]
[Site "Lublin"]
[Date "2009.06.09"]
[Round "2"]
[White "Chwalewski, Marek"]
[Black "Pikulinski, Andrzej"]
[Result "1/2-1/2"]
[WhiteElo "1983"]
[BlackElo "2209"]
[PlyCount "111"]
[EventDate "2009.06.08"]
[EventType "swiss"]
[EventRounds "9"]
[EventCountry "POL"]
[SourceTitle "CBM 130 Extra"]
[Source "ChessBase"]
[SourceDate "2009.07.02"]
[SourceVersion "2"]
[SourceVersionDate "2009.07.15"]
[SourceQuality "1"]

1. c4 f5 2. d4 g6 3. Nf3 Bg7 4. g3 Nh6 5. Nc3 d6 6. Bg5 Nf7 7. h4 Nxg5 8. Nxg5 h6 9. Nf3 0-0 10. Qb3 e5 11. c5+ Kh8 12. Ng5 exd4 13. Nd5 Be5 14. f4 Bf6 15. Nxf6 Qxf6 16. cxd6 cxd6 17. Bg2 Qe7 18. Qc4 Nc6 19. Bxc6 bxc6 20. Qxd4+ Qg7 21. Nf3 Qxd4 22. Nxd4 Bb7 23. 0-0-0 Rae8 24. Rhe1 Re3 25. Nc2 Re6 26. Nd4 Re4 27. Nb3 Rf6 28. Rd2 Ba6 29. Kb1 c5 30. Red1 Ree6 31. Na5 Bxe2 32. Rc1 Re3 33. b3 Rfe6 34. Nb7 Bd3+ 35. Kb2 Re2 36. Rcd1 c4 37. bxc4 Bxc4 38. Kc3 Rxd2 39. Rxd2 d5 40. Nd8 Ra6 41. Rb2 Rxa2 42. Rb7 a5 43. Nf7+ Kg8 44. Ne5 Ra3+ 45. Kd4 Rxg3 46. Rb8+ Kg7 47. Rb7+ Kf6 48. Ra7 g5 49. hxg5+ hxg5 50. Nxc4 dxc4 51. Ra6+ Kg7 52. Rxa5 gxf4 53. Rxf5 Rg4 54. Ke4 c3 55. Rc5 Rh4 56. Rxc3 1/2-1/2

[Event "Lublin Region-ch"]
[Site "Lublin"]
[Date "2008.02.16"]
[Round "8.14"]
[White "Chwalewski, Marek"]
[Black "Krasowski, Piotr"]
[Result "1-0"]
[WhiteElo "1981"]
[BlackElo "1686"]
[PlyCount "59"]
[EventDate "2008.02.08"]
[EventType "swiss"]
[EventRounds "9"]
[EventCountry "POL"]
[SourceTitle "EXT 2023"]
[Source "ChessBase"]
[SourceDate "2022.10.05"]
[SourceVersion "1"]
[SourceVersionDate "2022.10.05"]
[SourceQuality "1"]

1. c4 Nf6 2. g3 g6 3. d4 Bg7 4. Nc3 d6 5. Bg2 Nc6 6. e4 0-0 7. Bg5 h6 8. Bxf6 exf6 9. f4 Re8 10. Qd2 f5 11. e5 dxe5 12. dxe5 Qxd2+ 13. Kxd2 Be6 14. Bxc6 bxc6 15. b3 Rad8+ 16. Kc2 f6 17. Nf3 g5 18. Rad1 fxe5 19. Nxe5 Bxe5 20. fxe5 f4 21. gxf4 Bf5+ 22. Kc1 Rxd1+ 23. Rxd1 gxf4 24. Rf1 Rxe5 25. Rxf4 Kg7 26. Kd2 Kg6 27. Ne2 Re7 28. Rd4 Kg5 29. Ng3 Bg4 30. h4+ 1-0

[Event "Lublin Region-ch"]
[Site "Lublin"]
[Date "2008.02.09"]
[Round "2.14"]
[White "Chwalewski, Marek"]
[Black "Gora, Jan"]
[Result "1-0"]
[WhiteElo "1981"]
[BlackElo "1673"]
[PlyCount "49"]
[EventDate "2008.02.08"]
[EventType "swiss"]
[EventRounds "9"]
[EventCountry "POL"]
[SourceTitle "EXT 2023"]
[Source "ChessBase"]
[SourceDate "2022.10.05"]
[SourceVersion "1"]
[SourceVersionDate "2022.10.05"]
[SourceQuality "1"]

1. Nf3 d5 2. d4 e6 3. Bg5 Nf6 4. e3 Be7 5. Nbd2 b6 6. Ne5 0-0 7. Bd3 Nfd7 8. h4 f5 9. Ndf3 Nxe5 10. dxe5 Nd7 11. b3 h6 12. Bf4 Bb4+ 13. Kf1 Be7 14. Nd4 Nc5 15. b4 Nxd3 16. cxd3 Bd7 17. b5 a6 18. g4 axb5 19. gxf5 exf5 20. Rg1 Kh7 21. Qh5 Be8 22. Rxg7+ Kxg7 23. Qxh6+ Kg8 24. Ne6 Rf7 25. Nxd8 1-0

[Event "POL-chT 2nd League"]
[Site "Wysowa"]
[Date "2007.09.11"]
[Round "9.65"]
[White "Masternak, Aleksander"]
[Black "Chwalewski, Marek"]
[Result "1-0"]
[WhiteElo "2241"]
[BlackElo "2029"]
[PlyCount "63"]
[EventDate "2007.09.03"]
[EventType "team-swiss"]
[EventRounds "9"]
[EventCountry "POL"]
[SourceTitle "EXT 2019"]
[Source "ChessBase"]
[SourceDate "2018.10.10"]
[SourceVersion "1"]
[SourceVersionDate "2018.10.10"]
[SourceQuality "1"]
[WhiteTeam "Katowice Wasko II"]
[BlackTeam "Myslenice MLKSz"]
[WhiteTeamCountry "POL"]
[BlackTeamCountry "POL"]

1. d4 Nf6 2. Nf3 d5 3. c4 c6 4. e3 e6 5. Nc3 Be7 6. Qc2 Nbd7 7. Bd2 0-0 8. g4 g6 9. g5 Nh5 10. h4 b6 11. Be2 dxc4 12. Ne5 Nxe5 13. dxe5 Ng7 14. 0-0-0 b5 15. Ne4 Qc7 16. f4 Nf5 17. h5 Bb7 18. Rh3 c5 19. Rdh1 Bd8 20. R1h2 a5 21. a4 c3 22. Bxc3 bxa4 23. Bc4 Bd5 24. Bxd5 exd5 25. e6 d4 26. Nf6+ Bxf6 27. gxf6 fxe6 28. hxg6 Rxf6 29. Rxh7 Qc6 30. Rh8+ Kg7 31. R2h7+ Kxg6 32. Qe2 1-0

[Event "Zlota Wieza op 49th"]
[Site "Gniezno"]
[Date "2007.05.24"]
[Round "7"]
[White "Bardeli, Lukasz"]
[Black "Chwalewski, Marek"]
[Result "1-0"]
[WhiteElo "2320"]
[BlackElo "2078"]
[PlyCount "57"]
[EventDate "2007.05.20"]
[EventType "swiss"]
[EventRounds "9"]
[EventCountry "POL"]
[SourceTitle "EXT 2011"]
[Source "ChessBase"]
[SourceDate "2010.11.26"]
[SourceVersion "1"]
[SourceVersionDate "2010.11.26"]
[SourceQuality "1"]

1. Nf3 Nf6 2. c4 c6 3. g3 d5 4. b3 g6 5. Bb2 Bg7 6. Bg2 0-0 7. 0-0 Bg4 8. d3 Bxf3 9. Bxf3 Re8 10. Nd2 e5 11. cxd5 cxd5 12. e4 Nc6 13. a3 a5 14. Rc1 Qd7 15. exd5 Nxd5 16. Nc4 Rad8 17. Re1 b5 18. Nb6 Nxb6 19. Bxc6 Qf5 20. Bxe8 Rxe8 21. Qe2 Nd7 22. Qe4 Qh3 23. d4 Nf6 24. Qg2 Qe6 25. dxe5 Ng4 26. Qc6 Qe7 27. Qd6 Qg5 28. e6 fxe6 29. Rc8 1-0

[Event "Lublin Bezirk-ch"]
[Site "Lublin"]
[Date "2007.03.04"]
[Round "9"]
[White "Bartczak, Krzysztof"]
[Black "Chwalewski, Marek"]
[Result "1/2-1/2"]
[WhiteElo "1991"]
[BlackElo "2100"]
[PlyCount "100"]
[EventDate "2007.02.23"]
[EventType "swiss"]
[EventRounds "9"]
[EventCountry "POL"]
[SourceTitle "EXT 2011"]
[Source "ChessBase"]
[SourceDate "2010.11.26"]
[SourceVersion "1"]
[SourceVersionDate "2010.11.26"]
[SourceQuality "1"]

1. d4 Nf6 2. c4 e6 3. Nc3 d5 4. Nf3 h6 5. Bf4 c6 6. h3 Bb4 7. Qb3 Qe7 8. e3 Nbd7 9. c5 Bxc3+ 10. Qxc3 Ne4 11. Qc2 Ng5 12. b4 Nxf3+ 13. gxf3 e5 14. dxe5 Nxe5 15. Be2 g5 16. Bg3 Qf6 17. Bxe5 Qxe5 18. Rd1 Bf5 19. Bd3 Bxd3 20. Qxd3 f5 21. Qd4 Qxd4 22. Rxd4 Kf7 23. Ke2 Kf6 24. Rhd1 Rhe8 25. e4 Re6 26. Kd3 fxe4+ 27. fxe4 dxe4+ 28. Ke3 a5 29. a4 Kf5 30. b5 Rf8 31. Rd7 Kg6 32. R1d6 Rf3+ 33. Ke2 Rxd6 34. Rxd6+ Rf6 35. Rd7 cxb5 36. axb5 Rf5 37. Rxb7 Rxc5 38. Rb8 a4 39. b6 Rb5 40. b7 Kh5 41. Kf1 a3 42. Kg2 a2 43. Ra8 Rxb7 44. Rxa2 Rb6 45. Re2 Re6 46. Kg3 Kg6 47. f3 Kf5 48. Rxe4 Ra6 49. h4 Ra1 50. hxg5 hxg5 1/2-1/2

[Event "Lublin Bezirk-ch"]
[Site "Lublin"]
[Date "2007.03.03"]
[Round "7"]
[White "Chwalewski, Marek"]
[Black "Szpakiewicz, Andrzej"]
[Result "0-1"]
[WhiteElo "2100"]
[BlackElo "1901"]
[PlyCount "60"]
[EventDate "2007.02.23"]
[EventType "swiss"]
[EventRounds "9"]
[EventCountry "POL"]
[SourceTitle "EXT 2011"]
[Source "ChessBase"]
[SourceDate "2010.11.26"]
[SourceVersion "1"]
[SourceVersionDate "2010.11.26"]
[SourceQuality "1"]

1. c4 Nf6 2. g3 g6 3. Nc3 Bg7 4. Bg2 0-0 5. d4 d6 6. e4 Nc6 7. Nge2 e5 8. d5 Nd4 9. Bg5 Bg4 10. Qd3 h6 11. Bd2 Nd7 12. Nxd4 Nc5 13. Qb1 exd4 14. Nb5 f5 15. f3 fxe4 16. fxe4 a6 17. Na3 Qe7 18. b4 Nxe4 19. Bxe4 Rae8 20. Bf4 d3 21. Qxd3 Qxe4+ 22. Qxe4 Rxe4+ 23. Kd2 Bxa1 24. Rxa1 Re2+ 25. Kc3 Rxh2 26. c5 g5 27. Be3 Rf3 28. Nc4 Re2 29. Kd4 dxc5+ 30. bxc5 Rxg3 0-1

[Event "Lublin Bezirk-ch"]
[Site "Lublin"]
[Date "2007.02.24"]
[Round "3"]
[White "Chwalewski, Marek"]
[Black "Dziubinski, Pawel"]
[Result "0-1"]
[WhiteElo "2100"]
[BlackElo "2011"]
[PlyCount "86"]
[EventDate "2007.02.23"]
[EventType "swiss"]
[EventRounds "9"]
[EventCountry "POL"]
[SourceTitle "EXT 2011"]
[Source "ChessBase"]
[SourceDate "2010.11.26"]
[SourceVersion "1"]
[SourceVersionDate "2010.11.26"]
[SourceQuality "1"]

1. Nf3 d5 2. g3 c5 3. Bg2 Nc6 4. d4 Nf6 5. 0-0 e6 6. Nc3 a6 7. a4 Be7 8. Bg5 0-0 9. e3 h6 10. Bxf6 Bxf6 11. Re1 cxd4 12. exd4 Qb6 13. a5 Nxa5 14. Na4 Qc7 15. b3 Bd7 16. Nc5 b6 17. Nxd7 Qxd7 18. Qd3 Rfc8 19. Ne5 Qc7 20. Rac1 Bxe5 21. dxe5 Qc3 22. Qd1 Ra7 23. Re3 Qb2 24. Bf1 Rac7 25. Bd3 Rc3 26. Rb1 Qa3 27. Qe1 Qb4 28. Bxa6 R8c7 29. Bd3 g6 30. h4 h5 31. Kh2 Qd4 32. Rd1 Qc5 33. g4 Qb4 34. Rg3 hxg4 35. Qe2 Qf4 36. Kg2 Nc6 37. Rxg4 Qxe5 38. Qd2 Ne7 39. h5 Qxh5 40. Rg5 Rxc2 41. Qf4 Qxd1 42. Bxg6 Nxg6 43. Qf6 Qe2 0-1

[Event "POL-chT 2nd League"]
[Site "Lublin"]
[Date "2006.09.09"]
[Round "8.88"]
[White "Stolarczyk, Adam"]
[Black "Chwalewski, Marek"]
[Result "1-0"]
[WhiteElo "2191"]
[BlackElo "2108"]
[PlyCount "71"]
[EventDate "2006.09.02"]
[EventType "team-swiss"]
[EventRounds "9"]
[EventCountry "POL"]
[SourceTitle "EXT 2019"]
[Source "ChessBase"]
[SourceDate "2018.10.10"]
[SourceVersion "1"]
[SourceVersionDate "2018.10.10"]
[SourceQuality "1"]
[WhiteTeam "Swiecie Gambit"]
[BlackTeam "Myslenice MLKSz"]
[WhiteTeamCountry "POL"]
[BlackTeamCountry "POL"]

1. e4 e6 2. d4 b6 3. c4 Bb4+ 4. Bd2 Bxd2+ 5. Qxd2 d6 6. Nc3 Nd7 7. Bd3 e5 8. d5 Nc5 9. Bc2 a5 10. Nge2 Ne7 11. 0-0 Ng6 12. f4 exf4 13. Nxf4 Ne5 14. b3 0-0 15. Nb5 Bd7 16. Nd4 Qg5 17. Qc3 Rae8 18. Rae1 Qh6 19. Qg3 g6 20. a3 Qg7 21. Qc3 Bc8 22. b4 Nb7 23. Nb3 axb4 24. axb4 Nd8 25. Ra1 f5 26. exf5 Bxf5 27. Bxf5 Rxf5 28. Nd4 Rf7 29. Nfe6 Nxe6 30. Nxe6 Rxf1+ 31. Rxf1 Qh6 32. Qd4 c5 33. dxc6 Nxc6 34. Qf2 Ne5 35. Qf6 Rc8 36. c5 1-0